| 000 | 00711cam a22002531 4500 | ||
|---|---|---|---|
| 999 |
_c7494 _d7494 |
||
| 001 | 7494 | ||
| 003 | BD-JhCC | ||
| 005 | 20180210195615.0 | ||
| 008 | 861217m19639999pk ab 000 0 eng | ||
| 035 | _a(BD-JhCC)7494 | ||
| 035 | _a(OCoLC)14986127 | ||
| 040 |
_aDLC _cCU _dCU _dDLC _dBD-JhCC |
||
| 041 | _aeng | ||
| 050 | 0 | 0 |
_aDS485.B47 _bH52 |
| 082 | _bMAJ 1943 | ||
| 100 | _aMajumder, R. C. | ||
| 245 | 0 | 4 |
_aThe History of Bengal / _b R. C. Majumder, |
| 260 |
_aRamna, Dacca, _bUniversity of Dacca _c[1963- |
||
| 300 |
_av. _billus. (part col.), fold. maps. _c25 cm. |
||
| 651 | 0 |
_aBengal (India) _xHistory. |
|
| 700 | 1 |
_aMajumdar, R. C. _q(Ramesh Chandra), _d1888-1980. |
|
| 942 |
_2ddc _cBK |
||